Resource soil survey and mapping of rubber-growing soils of Kerala and Tamil Nadu on 1:50,000 scale : consultancy project for Rubber Research Institute of India, Rubber Board, Kottayam.

Bibliographic Details
Corporate Authors: Rubber Research Institute of India, Indian Council of Agricultural Research. National Bureau of Soil Survey and Land Use Planning
Format: Book
Language:English
Published: Nagpur : National Bureau of Soil Survey and Land Use Planning, [1999]
Subjects:

MARC

Tag First Indicator Second Indicator Subfields
LEADER 00000cam a22000004a 4500
001 in00004516331
005 20191204154031.0
008 060922s1999 ii bf bs a000 0 eng
010 |a  2006542301 
025 |a I-E-2006-542301; 35-91 
035 |a (OCoLC)ocm80178896 
035 |a (OCoLC)80178896 
035 |z (UtOrBLW)55940 
035 |a 77586 
037 |b Library of Congress -- New Delhi Overseas Office 
040 |a DLC  |c DLC  |d BTCTA  |d DKAGE  |d TMV  |d UtOrBLW 
042 |a lcode 
043 |a a-ii--- 
049 |a TMVM  |c 1 
050 0 0 |a S599.6.I52  |b K476 1999 
060 4 |a S 599.6.I52  |b R434 1999 
082 0 4 |a 631.475483  |2 23 
245 0 0 |a Resource soil survey and mapping of rubber-growing soils of Kerala and Tamil Nadu on 1:50,000 scale :  |b consultancy project for Rubber Research Institute of India, Rubber Board, Kottayam. 
264 1 |a Nagpur :  |b National Bureau of Soil Survey and Land Use Planning,  |c [1999] 
300 |a 295, clxxxv pages, 25 unnumbered pages of plates :  |b color maps ;  |c 29 cm. 
336 |a text  |2 rdacontent  |b txt 
337 |a unmediated  |2 rdamedia 
338 |a volume  |2 rdacarrier  |b nc 
504 |a Includes bibliographical references (pages 289-295). 
500 |a Includes statistical tables. 
650 0 |a Soil surveys  |z India  |z Kerala. 
650 0 |a Soil surveys  |z India  |z Tamil Nadu. 
650 0 |a Rubber industry and trade  |x Environmental aspects  |z India  |z Kerala. 
650 0 |a Rubber industry and trade  |x Environmental aspects  |z India  |z Tamil Nadu. 
650 2 |a Soil. 
650 2 |a Hevea  |x growth & development. 
651 2 |a India. 
710 2 |a Rubber Research Institute of India. 
710 2 |a Indian Council of Agricultural Research.  |b National Bureau of Soil Survey and Land Use Planning. 
999 |a MARS 
999 f f |s 23416c06-ef5b-3fc4-a3c0-cac6b023be93  |i 92949465-06c9-38a4-8f91-5ca063441612  |t 0 
952 f f |p ric  |a Texas A&M University  |b Rellis Campus  |c Joint Library Facility  |d Remote Storage  |t 0  |e S 599.6.I52 R434 1999  |h National Library of Medicine classification  |i unmediated -- volume  |m 3238902256478 
998 f f |a S 599.6.I52 R434 1999  |t 0  |l Remote Storage